00689nac a22001931u 4500020001500000082001800015090001300033100003400046245005700080260003200137300003500169440003100204500002000235650002600255650005100281942002000332999001300352952013000365 a1590590147 a006.696bD785 c732d732 aDrol, William.  aObject-oriented macromedia flash MX /cWilliam Drol. aNew York :bApress,cc2002. axvii, 482 p. :bill. ;c24 cm. aProfessional design series aIncludes index. aFlash (Computer file) aObject-oriented programming (Computer science) cBBk006.696D785 c732d732 00102ddc40708 aMAINbMAINcLOWd2006-07-26epurchaseg315.00l0o006.696 DROp000003867r2025-07-15 00:00:00v393.75yBB